| 000 | 00951nam a22002177a 4500 | ||
|---|---|---|---|
| 999 |
_c158207 _d158207 |
||
| 005 | 20181220152737.0 | ||
| 020 |
_a9789311129211 _c500.00 |
||
| 035 | _aB-710595 | ||
| 037 |
_adpl _bRK Books |
||
| 082 | _a000 | ||
| 100 | _aSharma, Mohit | ||
| 245 |
_aIAS mains general studies paper 3: _btechnology economic development bio-diversity environment, security & disaster management / _cMohit Sharma...[et al] edited by Priya Goyal |
||
| 250 | _aFull Revised & Updated Edition | ||
| 260 |
_aNew Delhi _bArihant Publications(India ) Limited _c2015 |
||
| 270 |
_a4577/15, Agarwal Road, Daryaganj _bNew Delhi _e110002 _k011-47630600 _l- _m- |
||
| 300 |
_a678p. _bill. _c24cm(pbk) |
||
| 700 | _aGoyal, Priya, edtior | ||
| 710 | _aGoyal, Priya | ||
| 942 |
_2ddc _cEN _h000 _mIAS |
||